000 00810nam a22002297a 4500
008 240605b mp ||||| |||| 00| 0 mon d
020 _a978-99973-1-679-0
035 _a20366
040 _aHE0623081
_bmon
_cMN-UlNLM
_dMN-UlNLM
_erda
041 _amon
042 _a50386
084 _2NNA
_a81.2Мон-4
_bМ.692
245 0 _aМонгол хэлний өвөрмөц хэлцийн толь
264 _aУБ.
_bМонсудар хэвлэлийн газар
_c2012
300 _a343х.
336 _2rdacontent
_atext
_btxt
337 _2rdamedia
_aunmediated
_bn
338 _2rdacarrier
_avolume
_bnc
490 _aМонгол хэл соёл
_v6
650 _aӨвөомөц хэлцийн тайлбар Утгын орноор ангилсан хэлц Товчилсон үг
942 _2NNA
_cBK
999 _c891550
_d891607